00972nam a2200265 a 4500008004100000020002300041049000900064090001100073100001900084245009300103260005500196300003300251504004100284500002000325650006800345650002300413650003300436907003500469003000100504005001700505040000900522942001800531999001900549952013800568  a0130997226 (cased) aMAIN aHD62.41 aFatehi, Kamal.10aInternational management :ba cross-cultural and functional perspective /cKamal Fatehi. aUpper Saddle River, N.J. :bPrentice Hall,cc1996. aix, 643 p. :bill. ;c25 cm. aIncludes bibliographical references. aIncludes index. 0aInternational business enterprisesxManagementxSocial aspects. 0aCorporate culture. 0aIntercultural communication. a.b10134736b09-09-04c03-09-0420230123133817.0 cNUST cBOOKSkHD62.4 c155036d155036 r2023-01-23 00:00:00l40oHD62.4 FATp92003024249v80.00w2023-01-23yBOOKS102LCC40708NFIC00aMAINbMAINcGENd2023-01-23g80.00